خطبات اقبال کی عصری معنویّت / (Record no. 191876)

MARC details
000 -LEADER
fixed length control field 00687nam a22001937a 4500
005 - DATE AND TIME OF LATEST TRANSACTION
control field 20220906124454.0
010 ## - LCCN (DPL NO)
LC control number UR-11707
020 ## - INTERNATIONAL STANDARD BOOK NUMBER
International Standard Book Number 9789391238155
Terms of availability 500.00
035 ## - SYSTEM CONTROL NUMBER
System control number U-10262
037 ## - SOURCE OF ACQUISITION
Source of stock number/acquisition DBAD/PUB
Stock number -
082 ## - DEWEY DECIMAL CLASSIFICATION NUMBER
Classification number 845
100 ## - MAIN ENTRY--PERSONAL NAME
Personal name مشتاق احمد گناہی
245 ## - TITLE STATEMENT
Title خطبات اقبال کی عصری معنویّت /
Statement of responsibility, etc مشتاق احمد گناہی
Medium ا ر د و
246 ## - VARYING FORM OF TITLE
Title proper/short title Khutbat-E-Iqbal ki Asri Manaviyyat /
Remainder of title by Mushtaq Ahmad Ganai
260 ## - PUBLICATION, DISTRIBUTION, ETC. (IMPRINT)
Place of publication, distribution, etc New Delhi
Name of publisher, distributor, etc Educational Publishing House
Date of publication, distribution, etc 2021 ء
270 ## - ADDRESS
Address H.O. D1/16, Ansari Road, Daryaganj
City New Delhi
Postal code 110002
300 ## - PHYSICAL DESCRIPTION
Extent 328 ص
Dimensions 22cm(Hb)
942 ## - ADDED ENTRY ELEMENTS (KOHA)
Source of classification or shelving scheme Dewey Decimal Classification
Item type Urdu Bks
Classification part 845
Call number suffix م ش ت
Holdings
Withdrawn status Lost status Not for loan Collection code Home library Current library Date acquired Source of acquisition Cost, normal purchase price Full call number Barcode Copy number Cost, replacement price Koha item type
      Non-fiction Sarojini Nagar Sarojini Nagar 06/09/2022 DBAD/PUB 500.00 845 م ش ت U-10262 1 500.00 Urdu Bks

© Delhi Public Library
Hit Counter
free hit counter